[Event "Ljubljana-chT 75th"]
[Site "Ljubljana"]
[Date "2023.01.26"]
[Round "3.4"]
[White "Zmaucar, Miha"]
[Black "Demsar, Maks"]
[Result "1/2-1/2"]
[WhiteElo "1635"]
[BlackElo "1442"]
[PlyCount "186"]
[EventDate "2023.01.12"]
[EventType "team-swiss"]
[EventRounds "9"]
[EventCountry "SLO"]
[SourceTitle "EXT 2024"]
[Source "ChessBase"]
[SourceDate "2023.10.10"]
[SourceVersion "1"]
[SourceVersionDate "2023.10.10"]
[SourceQuality "1"]
[WhiteTeam "Domzale SD"]
[BlackTeam "Kranj Tomo Zupan"]
[WhiteTeamCountry "SLO"]
[BlackTeamCountry "SLO"]

1. d4 Nf6 2. c4 c5 3. d5 b5 4. cxb5 a6 5. bxa6 g6 6. Nc3 Bxa6 7. Nf3 d6 8. e4 Bxf1 9. Kxf1 Bg7 10. g3 0-0 11. Kg2 Nbd7 12. Qc2 Ng4 13. Re1 Nge5 14. Nxe5 Nxe5 15. f4 Nd7 16. b3 Qa5 17. Bb2 c4 18. Rec1 Rfc8 19. Na4 Bxb2 20. Qxb2 Rab8 21. Qd4 cxb3 22. axb3 Rxc1 23. Rxc1 Nf6 24. Rc3 Rb4 25. Rc8+ Kg7 26. Qc3 Qb5 27. Rc4 Rxb3 28. Qd4 h5 29. Nc3 Qb6 30. Qxb6 Rxb6 31. h3 Rb7 32. e5 dxe5 33. fxe5 Nd7 34. Re4 Rb2+ 35. Kf1 Rb3 36. Ne2 Rb1+ 37. Kf2 Rd1 38. Nf4 Nb6 39. Ke2 Nxd5 40. Rc4 Nxf4+ 41. Kxd1 Nxh3 42. Rc7 e6 43. Ke2 h4 44. gxh4 g5 45. Rc4 gxh4 46. Rg4+ Kf8 47. Rxh4 Ng5 48. Ke3 Kg7 49. Kf4 Nh7 50. Rg4+ Kf8 51. Rg1 Ke7 52. Rc1 Nf8 53. Rc7+ Nd7 54. Ra7 Ke8 55. Ra8+ Ke7 56. Rh8 Nf8 57. Ke4 Ke8 58. Kd4 Ke7 59. Rg8 Nd7 60. Rg5 Ke8 61. Kc4 Kf8 62. Kb5 f6 63. exf6 Nxf6 64. Kc6 Kf7 65. Rg1 Ne8 66. Kd7 Nf6+ 67. Kd6 Ne8+ 68. Ke5 Nc7 69. Ra1 Ke7 70. Rh1 Kd7 71. Rh7+ Kc6 72. Re7 Nb5 73. Rxe6+ Kc5 74. Re8 Kc4 75. Rb8 Nc3 76. Rc8+ Kd3 77. Rc5 Ne2 78. Ra5 Nc3 79. Ra1 Kc4 80. Rc1 Kd3 81. Rh1 Kc4 82. Rh3 Nb5 83. Rg3 Nc3 84. Rf3 Nb5 85. Rh3 Nc3 86. Kd6 Nb5+ 87. Kc6 Nd4+ 88. Kb6 Kd5 89. Rh5+ Kc4 90. Ra5 Kd3 91. Ra3+ Kc4 92. Re3 Kd5 93. Re8 Kc4 1/2-1/2

[Event "Ljubljana-chT 75th"]
[Site "Ljubljana"]
[Date "2023.01.12"]
[Round "1.4"]
[White "Demsar, Maks"]
[Black "Vidonja, Taja"]
[Result "1-0"]
[WhiteElo "1442"]
[BlackElo "1703"]
[PlyCount "85"]
[EventDate "2023.01.12"]
[EventType "team-swiss"]
[EventRounds "9"]
[EventCountry "SLO"]
[SourceTitle "EXT 2024"]
[Source "ChessBase"]
[SourceDate "2023.10.10"]
[SourceVersion "1"]
[SourceVersionDate "2023.10.10"]
[SourceQuality "1"]
[WhiteTeam "Kranj Tomo Zupan"]
[BlackTeam "Zagorje ob Savi"]
[WhiteTeamCountry "SLO"]
[BlackTeamCountry "SLO"]

1. e4 e5 2. Nc3 Nf6 3. Bc4 Nc6 4. d3 d6 5. f4 Be6 6. Bxe6 fxe6 7. Nf3 exf4 8. Bxf4 Be7 9. Qd2 h6 10. h4 e5 11. Be3 Qd7 12. 0-0-0 0-0-0 13. Nd5 Rhf8 14. Qc3 Qe6 15. Qc4 Qd7 16. h5 Nxd5 17. Qxd5 Bf6 18. c3 Qf7 19. Qxf7 Rxf7 20. Rdf1 Rdf8 21. Rf2 b6 22. Rhf1 Nd8 23. Kc2 Ne6 24. Nh4 Rd7 25. Ng6 Re8 26. Bxh6 Bg5 27. Bxg5 Nxg5 28. Rf5 Nh7 29. Nf8 Nxf8 30. Rxf8 Rxf8 31. Rxf8+ Rd8 32. Rxd8+ Kxd8 33. g4 Ke7 34. g5 Kf7 35. Kb3 c6 36. a4 a5 37. Kc4 Ke6 38. b4 Kf7 39. b5 c5 40. Kd5 Ke7 41. Kc6 Ke6 42. c4 Ke7 43. Kxb6 1-0

[Event "SLO-chT Central 23rd"]
[Site "Slovenia"]
[Date "2022.11.10"]
[Round "8.4"]
[White "Demsar, Maks"]
[Black "Babarovic, Fran"]
[Result "1-0"]
[WhiteElo "1229"]
[BlackElo "1172"]
[PlyCount "56"]
[EventDate "2022.09.15"]
[EventType "team-swiss"]
[EventRounds "9"]
[EventCountry "SLO"]
[SourceTitle "EXT 2024"]
[Source "ChessBase"]
[SourceDate "2023.10.10"]
[SourceVersion "1"]
[SourceVersionDate "2023.10.10"]
[SourceQuality "1"]
[WhiteTeam "Kranj Tomo Zupan"]
[BlackTeam "Komenda Pogi"]
[WhiteTeamCountry "SLO"]
[BlackTeamCountry "SLO"]

1. e4 e5 2. Nc3 Nc6 3. Bc4 Bc5 4. Qg4 Qf6 5. Nd5 Qxf2+ 6. Kd1 Kf8 7. Nh3 Qd4 8. d3 Nf6 9. Nxf6 gxf6 10. Qh5 Nd8 11. Bh6+ Ke8 12. c3 Qd6 13. Bg7 Rg8 14. Qxh7 Rxg7 15. Qxg7 c6 16. Kc2 b5 17. Bb3 a5 18. a3 Ba6 19. Qg8+ Ke7 20. Bxf7 Ne6 21. Qxa8 Nc7 22. Qg8 b4 23. Rad1 bxc3 24. bxc3 Bxa3 25. Rhf1 c5 26. Qg7 Qc6 27. Bb3+ Kd8 28. Qxf6+ Kc8 1-0

[Event "SLO-CupT"]
[Site "Komenda"]
[Date "2018.06.03"]
[Round "4.4"]
[White "Demsar, Maks"]
[Black "Djokic, Pavle"]
[Result "0-1"]
[WhiteElo "1643"]
[BlackElo "1071"]
[PlyCount "120"]
[EventDate "2018.06.01"]
[EventType "team-swiss"]
[EventRounds "5"]
[EventCountry "SLO"]
[SourceTitle "EXT 2020"]
[Source "ChessBase"]
[SourceDate "2019.10.17"]
[SourceVersion "1"]
[SourceVersionDate "2019.10.17"]
[SourceQuality "1"]
[WhiteTeam "Prevodi Dvojka II"]
[BlackTeam "Komenda Pogi"]
[WhiteTeamCountry "SLO"]
[BlackTeamCountry "SLO"]

1. e4 e5 2. Nf3 Nc6 3. d4 exd4 4. Nxd4 Nxd4 5. Qxd4 d6 6. Bf4 Be6 7. Nc3 a6 8. 0-0-0 Ne7 9. Bc4 Nc6 10. Qd3 Qf6 11. g3 g6 12. Nd5 Bxd5 13. exd5 Na5 14. Rhe1+ Be7 15. Bb3 0-0-0 16. Qe3 Nxb3+ 17. axb3 Bf8 18. Bg5 Qe5 19. Bxd8 Qxe3+ 20. Rxe3 Bh6 21. Bf6 Bxe3+ 22. fxe3 Re8 23. Re1 Kd7 24. e4 c6 25. dxc6+ bxc6 26. e5 d5 27. Kd2 Kc7 28. Kd3 Kb6 29. Kd4 Kb5 30. Bg5 a5 31. Bd2 c5+ 32. Kxd5 Rd8+ 33. Ke4 Rxd2 34. Rc1 Rxh2 35. Kf4 Re2 36. g4 Kb4 37. Kg5 Rxe5+ 38. Kf6 Re4 39. g5 Rf4+ 40. Kg7 Rf5 41. Kxh7 Rxg5 42. Kh6 Rg2 43. Kg7 f5 44. Rf1 Rxc2 45. Kxg6 Rxb2 46. Rxf5 Rxb3 47. Rf4+ c4 48. Kf5 a4 49. Ke4 a3 50. Kd5 Rd3+ 51. Rd4 Rxd4+ 52. Kxd4 a2 53. Ke3 a1Q 54. Kd2 c3+ 55. Kc2 Qb2+ 56. Kd3 c2 57. Ke2 c1Q+ 58. Kd3 Qbc3+ 59. Ke2 Q1b2+ 60. Kf1 Qcc1# 0-1